11 de départ de l'OL féminin en finale de LDC 2021 contre le FCB - Statistiques

Statistiques générales
  • Ce quiz a été pris 27 fois
  • Le résultat moyen est 5 sur 11
Statistiques - réponses
Hint Réponse % Correct
3 Renard
100%
4 Bacha
74%
20 Cascarino
70%
6 Henry
70%
1 Endler
57%
7 Majri
57%
17 Van de Donk
39%
28 Malard
26%
23 Cayman
22%
18 Sombath
22%
24 Bruun
13%
Aucun quiz correspondant
Distribution des résultats
% des personnes avec chaque résultat
Percentile par nombre de réponses
Votre historique - résultats
Vous n’avez pas pris ce quiz